000 01122nam a22002537a 4500
005 20170124102933.0
010 _aB-148799
020 _c200.00
_a8187247304
035 _aB-148799
037 _bCen Lib/Ret
040 _aDPL
_bHN
082 _a363.7
_bगोस्वामी
100 _aगोस्वामी, सुबुद्धि
_99685
245 _aपर्यावरण संरक्षण /
_cसुबुद्धि गोस्वामी
246 _aParyavaran sanrakshan /
_bby Subudhdhi Goswami
260 _bश्याम प्रकाशन
_aजयपुर
_c2004
270 _aफिल्म कॉलोनी, चौरा रास्ता
_bजयपुर
_e302 003
300 _a160पृ. :
_c21सेमी (सजिल्द)
_bसचित्र
650 _aप्रकृति और पर्यावरण
_945681
650 _aपर्यावरण -- विनाश
_91291
650 _aNature and Environment
_945682
650 _aEnvironment - Destruction
_945683
942 _2ddc
_cHN
_h363.7
_mगोस्वामी
999 _c112058
_d112058